000 00938nam a2200265 i 4500
001 184545
003 ES-MaACL
005 20250730063157.0
008 151021s2006 sp acp |||| |bspa d
020 _a84-96484-37-8
080 _a929 Segura, Rosa
080 _a(05)(460.235 B.)(091)
100 1 _aSegura, Rosa,
_d1925-
_9157960
245 1 0 _aEdiciones TBO, ¿dígame?
_b: (memorias secretas de una secretaria) /
_cRosa Segura.
260 _aBarcelona :
_bMarrè,
_c[2006]
300 _a241 p. :
_bil. col., retr. ;
_c24 cm.
600 1 7 _aSegura, Rosa,
_d1925-
_2
_9157960
630 0 7 _aTBO (Barcelona)-
_vHistoria.
_9157961
650 4 _aCómics-
_zEspaña
_911174
852 _aES-MaACL
_jA-13597
_9191546
_bR.150800
_cDEPO1
_dOlim: N-6597
_hDonación: Real Academia Española
914 _96336
_aReal Academia Española
_ednr
942 _2udc
_cMONOGRAFIA
999 _c184545
_d184545